000 00653cam a22002413a 4500
001 17201
003 PGUSA
005 20140828083352.0
008 051202s2005||||xxu|||||s|||||000 | eng d
040 _aPGUSA
_beng
042 _adc
050 4 _aBJ
100 1 _aMallock, W. H.
_q(William Hurrell),
_d1849-1923
245 1 0 _aIs Life Worth Living?
_h[electronic resource] /
_cW. H. Mallock
260 _bProject Gutenberg,
_c2005
506 _aPublic domain in the USA.
516 _aElectronic text
653 _aEthics
653 _aLife
830 0 _aProject Gutenberg
_v17201
856 4 0 _uhttp://www.gutenberg.org/ebooks/17201
942 _cEB
999 _c246456
_d246456